[Event "Dabrowica Jastkow Memorial op 5th"]
[Site "Dabrowica"]
[Date "2016.01.09"]
[Round "1.3"]
[White "Trzpil, Slawomir"]
[Black "Fraczek, Weronika"]
[Result "0-1"]
[WhiteElo "1635"]
[BlackElo "1778"]
[PlyCount "82"]
[EventDate "2016.01.08"]
[EventType "tourn"]
[EventRounds "5"]
[EventCountry "POL"]
[SourceTitle "EXT 2023"]
[Source "ChessBase"]
[SourceDate "2022.10.05"]
[SourceVersion "1"]
[SourceVersionDate "2022.10.05"]
[SourceQuality "1"]

1. e4 e6 2. d4 d5 3. Nc3 Nf6 4. e5 Nfd7 5. Nf3 c5 6. Be2 Nc6 7. Be3 cxd4 8. Bxd4 Nxd4 9. Qxd4 Bc5 10. Qg4 g6 11. h4 Qb6 12. 0-0 Qxb2 13. Nb5 0-0 14. Nc7 Rb8 15. Nxe6 Nxe5 16. Nxe5 Qxe5 17. Nxc5 Bxg4 18. Bxg4 f5 19. Nd7 Qd6 20. Nxf8 fxg4 21. Nxh7 Kxh7 22. Rad1 Rf8 23. Rd3 Qc5 24. c3 Rf4 25. Rg3 Kh6 26. Re3 Ra4 27. Rd1 b5 28. Rd2 d4 29. Re8 Kg7 30. Rde2 Kf7 31. R2e5 Qd6 32. cxd4 Rxd4 33. g3 Rd1+ 34. Kh2 Rd2 35. Kg1 Rxa2 36. Re1 Qf6 37. R8e2 Rxe2 38. Rxe2 b4 39. Re4 b3 40. Rxg4 Qa1+ 41. Kg2 b2 0-1

[Event "Warsaw YMCA Summer-B 108th"]
[Site "Warsaw"]
[Date "2012.08.21"]
[Round "9"]
[White "Trzpil, Slawomir"]
[Black "Wrabel, Antoni"]
[Result "0-1"]
[WhiteElo "1696"]
[BlackElo "1683"]
[PlyCount "112"]
[EventDate "2012.07.10"]
[EventType "tourn"]
[EventRounds "11"]
[EventCountry "POL"]
[SourceTitle "EXT 2019"]
[Source "ChessBase"]
[SourceDate "2018.10.10"]
[SourceVersion "1"]
[SourceVersionDate "2018.10.10"]
[SourceQuality "1"]

1. e4 e5 2. Nc3 Be7 3. Nf3 d6 4. d4 exd4 5. Nxd4 Nf6 6. Be2 0-0 7. 0-0 Bd7 8. Be3 Nc6 9. f4 Nxd4 10. Bxd4 c5 11. Bf2 Bc6 12. Bf3 Qc7 13. Qe2 Rfe8 14. Bh4 a6 15. Rad1 b5 16. a3 b4 17. axb4 cxb4 18. e5 bxc3 19. exf6 Bxf6 20. Qc4 Bxh4 21. Qxc6 Qa7+ 22. Kh1 Rac8 23. Qa4 cxb2 24. Rxd6 Qb8 25. Rdd1 Qc7 26. Bd5 Bf6 27. Bb3 Rcd8 28. Rfe1 Rxe1+ 29. Rxe1 g6 30. Qe4 Qe7 31. Qxe7 Bxe7 32. g3 Bb4 33. Rb1 Bc3 34. Kg1 Rd2 35. h3 Kf8 36. g4 f6 37. h4 Rd4 38. Kg2 Rxf4 39. Kg3 Rd4 40. Rf1 Rd2 41. g5 f5 42. Kf4 Rf2+ 43. Rxf2 b1Q 44. Rf3 Qc1+ 45. Kg3 Be5+ 46. Kg2 Qd2+ 47. Rf2 Qe3 48. Kf1 Qh3+ 49. Ke2 Qxh4 50. Rg2 Qe4+ 51. Kf1 Bd4 52. Rg3 Qf4+ 53. Kg2 Qf2+ 54. Kh3 Be5 55. Rg2 Qf3+ 56. Kh4 Qh5# 0-1

[Event "Warsaw YMCA Summer-B 108th"]
[Site "Warsaw"]
[Date "2012.08.02"]
[Round "8"]
[White "Jackiewicz, Jerzy"]
[Black "Trzpil, Slawomir"]
[Result "1-0"]
[WhiteElo "1501"]
[BlackElo "1696"]
[PlyCount "87"]
[EventDate "2012.07.10"]
[EventType "tourn"]
[EventRounds "11"]
[EventCountry "POL"]
[SourceTitle "EXT 2019"]
[Source "ChessBase"]
[SourceDate "2018.10.10"]
[SourceVersion "1"]
[SourceVersionDate "2018.10.10"]
[SourceQuality "1"]

1. e4 c5 2. Nf3 a6 3. c3 d5 4. e5 Nc6 5. d4 e6 6. Be2 Qb6 7. 0-0 Nge7 8. Na3 cxd4 9. cxd4 Nf5 10. Nc2 Be7 11. Rb1 Bd7 12. b3 Rc8 13. a3 Qa7 14. b4 b5 15. g4 Nh6 16. h3 f6 17. Be3 Nf7 18. Nce1 h5 19. Kg2 hxg4 20. hxg4 Nh6 21. Nh2 Qb8 22. f4 Nf7 23. Nd3 Qb6 24. Nc5 Bd8 25. Rf3 Ke7 26. Bg1 Nb8 27. Rbb3 Bc6 28. Rh3 Bc7 29. Rbg3 Nd7 30. Nf3 Ba8 31. Kf1 Rcg8 32. Bd3 Qa7 33. Qc2 Nb6 34. Bh7 Rc8 35. Qg6 a5 36. Qxg7 f5 37. Qf6+ Ke8 38. Qxe6+ Kf8 39. Qxf5 axb4 40. Bg6 Bd8 41. Rxh8+ Kg7 42. Rh7+ Kg8 43. Bxf7+ Kf8 44. Be6+ 1-0

[Event "Warsaw YMCA Summer-B 108th"]
[Site "Warsaw"]
[Date "2012.07.13"]
[Round "2"]
[White "Bartczak, Hanna"]
[Black "Trzpil, Slawomir"]
[Result "1/2-1/2"]
[WhiteElo "1592"]
[BlackElo "1696"]
[PlyCount "226"]
[EventDate "2012.07.10"]
[EventType "tourn"]
[EventRounds "11"]
[EventCountry "POL"]
[SourceTitle "EXT 2019"]
[Source "ChessBase"]
[SourceDate "2018.10.10"]
[SourceVersion "1"]
[SourceVersionDate "2018.10.10"]
[SourceQuality "1"]

1. d4 Nf6 2. c4 g6 3. Nc3 d5 4. cxd5 Nxd5 5. e4 Nxc3 6. bxc3 Bg7 7. Be3 c5 8. Bb5+ Bd7 9. Bxd7+ Qxd7 10. Ne2 Nc6 11. d5 Ne5 12. Bxc5 Qb5 13. Be3 Nd3+ 14. Kd2 Qc4 15. Qb3 Qa6 16. Rab1 b6 17. Qb5+ Qxb5 18. Rxb5 Ne5 19. Bd4 Nc4+ 20. Kd3 Bxd4 21. Nxd4 Ne5+ 22. Ke2 Kd7 23. f4 Nc4 24. Kd3 Rhc8 25. Nc6 Nd6 26. Rb3 f6 27. e5 Nb7 28. Ra3 a6 29. Re1 e6 30. c4 Nc5+ 31. Kd4 f5 32. Rb1 Kc7 33. Ne7 Rd8 34. d6+ Kb7 35. Rh3 Rh8 36. Rh6 Rad8 37. Re1 Ne4 38. Re2 Nc5 39. Re3 Ne4 40. g4 Nf2 41. Rf3 Nxg4 42. Rh4 h5 43. Nxg6 Rh6 44. Ne7 Rh7 45. Kc3 Rdh8 46. h3 Nh6 47. Rxh5 Nf7 48. Rxh7 Rxh7 49. Rg3 Nd8 50. Kd4 Nc6+ 51. Nxc6 Kxc6 52. Rg6 Kd7 53. Rg3 Kc6 54. a4 Rh4 55. Rf3 a5 56. Ke3 Kc5 57. Ke2 Kxc4 58. d7 Rh8 59. Rd3 Rd8 60. Kd2 b5 61. axb5 Kxb5 62. Kc3 a4 63. Rd4 Kc5 64. Rc4+ Kb5 65. Rd4 a3 66. Kb3 Kc5 67. Rd3 Kc6 68. Kxa3 Kc7 69. Kb4 Rb8+ 70. Kc5 Kd8 71. h4 Rb1 72. h5 Ra1 73. h6 Ra5+ 74. Kb6 Ra1 75. h7 Rh1 76. h8Q+ Rxh8 77. Kc6 Rh7 78. Rd6 Re7 79. Kb6 Rf7 80. Kb7 Rh7 81. Kb6 Rf7 82. Rxe6 Kxd7 83. Rd6+ Ke7 84. Rc6 Rf8 85. Kb7 Kd7 86. Rd6+ Ke7 87. Kc7 Ra8 88. Rf6 Ra4 89. Rxf5 Rc4+ 90. Kb6 Ke6 91. Rf6+ Ke7 92. f5 Rc1 93. Rc6 Re1 94. Rc7+ Kd8 95. Rc5 Kd7 96. Rd5+ Ke7 97. Kc6 Rc1+ 98. Rc5 Rf1 99. f6+ Ke6 100. Kc7 Rd1 101. Kb6 Rb1+ 102. Ka5 Rb2 103. Ka4 Rb1 104. Rb5 Re1 105. Kb4 Re4+ 106. Kc3 Rf4 107. Kd3 Rh4 108. Ke3 Ra4 109. Kd3 Rh4 110. Rc5 Rg4 111. Rc4 Rg1 112. Kd4 Rd1+ 113. Kc5 Kxe5 1/2-1/2

[Event "Dabrowica Jastkow Memorial op 3rd"]
[Site "Dabrowica"]
[Date "2011.01.09"]
[Round "4.10"]
[White "Paluch, Andrzej"]
[Black "Trzpil, Slawomir"]
[Result "1/2-1/2"]
[WhiteElo "1535"]
[BlackElo "1702"]
[PlyCount "85"]
[EventDate "2011.01.07"]
[EventType "swiss"]
[EventRounds "5"]
[EventCountry "POL"]
[SourceTitle "EXT 2023"]
[Source "ChessBase"]
[SourceDate "2022.10.05"]
[SourceVersion "1"]
[SourceVersionDate "2022.10.05"]
[SourceQuality "1"]

1. d4 Nf6 2. Nf3 g6 3. c4 Bg7 4. Bf4 0-0 5. Nc3 d5 6. e3 c5 7. Be2 Nc6 8. dxc5 Qa5 9. 0-0 dxc4 10. Bxc4 Qxc5 11. Bb3 Bf5 12. Qe2 Na5 13. Nd2 Rfd8 14. e4 Bg4 15. Qe3 Nxb3 16. Nxb3 Qxe3 17. Bxe3 b6 18. f3 Be6 19. Nd4 Bc4 20. Rfd1 Rd7 21. Rd2 Rad8 22. Rad1 a6 23. b3 Be6 24. Nxe6 fxe6 25. Rxd7 Rxd7 26. Rxd7 Nxd7 27. Na4 b5 28. Nc5 Nxc5 29. Bxc5 Kf7 30. Kf2 Bc3 31. Ke2 e5 32. Kd3 Ba5 33. g3 Bc7 34. Be3 Kf6 35. f4 h5 36. fxe5+ Bxe5 37. Bd4 Ke6 38. Bxe5 Kxe5 39. Ke3 g5 40. b4 Kd6 41. Kd4 e5+ 42. Kd3 g4 43. Kc3 1/2-1/2

[Event "Dabrowica Jastkow Memorial op 3rd"]
[Site "Dabrowica"]
[Date "2011.01.07"]
[Round "1.2"]
[White "Trzpil, Slawomir"]
[Black "Fraczek, Dariusz"]
[Result "0-1"]
[WhiteElo "1702"]
[BlackElo "2265"]
[PlyCount "74"]
[EventDate "2011.01.07"]
[EventType "swiss"]
[EventRounds "5"]
[EventCountry "POL"]
[SourceTitle "EXT 2023"]
[Source "ChessBase"]
[SourceDate "2022.10.05"]
[SourceVersion "1"]
[SourceVersionDate "2022.10.05"]
[SourceQuality "1"]

1. e4 e6 2. d4 d5 3. e5 c5 4. c3 Nc6 5. Nf3 Qb6 6. Be2 cxd4 7. cxd4 Nh6 8. 0-0 Nf5 9. Nc3 Nfxd4 10. Nxd4 Qxd4 11. Qxd4 Nxd4 12. Bb5+ Bd7 13. Bxd7+ Kxd7 14. Be3 Nc6 15. f4 d4 16. Rfd1 Kc8 17. Rxd4 Nxd4 18. Bxd4 b6 19. Rc1 Kb7 20. Nb5 Rd8 21. Rc7+ Kb8 22. Rxf7 Rxd4 23. Rxf8+ Rxf8 24. Nxd4 Rxf4 25. Nxe6 Re4 26. Kf2 g6 27. g4 Rxe5 28. Nd4 Re4 29. Nc6+ Kc7 30. Kf3 Ra4 31. Ne7 Rxa2 32. h4 Kd6 33. Ng8 Ke6 34. b4 Rb2 35. g5 Rxb4 36. Kg3 a5 37. Nf6 h5 0-1

[Event "Warsaw FIDE op"]
[Site "Warsaw"]
[Date "2010.08.07"]
[Round "2"]
[White "Trzpil, Slawomir"]
[Black "Grzenkowicz, Lukasz"]
[Result "1-0"]
[WhiteElo "1702"]
[BlackElo "1629"]
[PlyCount "89"]
[EventDate "2010.08.06"]
[EventType "swiss"]
[EventRounds "5"]
[EventCountry "POL"]
[SourceTitle "CBM 138 Extra"]
[Source "ChessBase"]
[SourceDate "2010.10.29"]
[SourceVersion "1"]
[SourceVersionDate "2010.10.29"]
[SourceQuality "1"]

1. e4 c5 2. Nf3 d6 3. d4 cxd4 4. Nxd4 Nf6 5. Bd3 Nc6 6. c3 g6 7. f3 Bg7 8. Be3 0-0 9. Na3 Nxd4 10. Bxd4 Nd7 11. Bxg7 Kxg7 12. g4 Ne5 13. Be2 Qb6 14. Qd2 Be6 15. h4 Rac8 16. h5 Rh8 17. 0-0-0 Bxa2 18. hxg6 hxg6 19. f4 Nc4 20. Bxc4 Bxc4 21. Rxh8 Kxh8 22. Rh1+ Kg7 23. f5 Qc5 24. Qh6+ Kf6 25. g5+ Ke5 26. Nxc4+ Qxc4 27. fxg6 fxg6 28. Qg7+ Ke6 29. Qxg6+ Kd7 30. Qf5+ Qe6 31. Qb5+ Kc7 32. Qa5+ Kb8 33. Qf5 Qxf5 34. exf5 Rg8 35. g6 Kc8 36. Kd2 Kd8 37. Ke3 Ke8 38. Ke4 Rf8 39. Rh7 a5 40. c4 Kd7 41. Rf7 Rg8 42. Kd5 a4 43. g7 b6 44. f6 Ke8 45. Rxe7+ 1-0

[Event "Warsaw YMCA Summer-B 80th"]
[Site "Warsaw"]
[Date "2010.08.06"]
[Round "7"]
[White "Trzpil, Slawomir"]
[Black "Jarmolowski, Tadeusz"]
[Result "1/2-1/2"]
[WhiteElo "1702"]
[BlackElo "1714"]
[PlyCount "135"]
[EventDate "2010.07.09"]
[EventType "tourn"]
[EventRounds "11"]
[EventCountry "POL"]
[SourceTitle "EXT 2011"]
[Source "ChessBase"]
[SourceDate "2010.11.26"]
[SourceVersion "1"]
[SourceVersionDate "2010.11.26"]
[SourceQuality "1"]

1. e4 d5 2. exd5 Qxd5 3. Nc3 Qd6 4. d4 Nf6 5. Nf3 a6 6. Be2 Bf5 7. h3 Nc6 8. a3 0-0-0 9. Be3 e6 10. 0-0 h6 11. b4 Nd5 12. Bd2 Nxc3 13. Bxc3 Qd5 14. Bb2 b5 15. c3 Be7 16. a4 g5 17. axb5 axb5 18. Rc1 Bf6 19. Nh2 Be4 20. Ng4 Bg7 21. Ne3 Qa2 22. Qd2 Qa6 23. Ra1 Qb7 24. Nc2 Bxg2 25. Kxg2 Nxd4+ 26. f3 Nxf3 27. Qe3 Ne1+ 28. Kf2 Nxc2 29. Qc5 Nxa1 30. Rxa1 Rd2 31. Bc1 Rc2 32. Ra7 Qb6 33. Qxb6 cxb6 34. Be3 Bxc3 35. Bxb6 f5 36. Kf3 Rxe2 37. Kxe2 Kb8 38. Re7 Bxb4 39. Rxe6 Kb7 40. Bd4 Rd8 41. Ke3 Rd6 42. Re5 f4+ 43. Ke4 Kc6 44. Re8 Ba3 45. Rc8+ Kd7 46. Ra8 b4 47. Be5 Rb6 48. Kf5 Bc1 49. Ra7+ Ke8 50. Bf6 Ba3 51. Re7+ Kf8 52. Kg6 b3 53. Ra7 Rb8 54. Rxa3 b2 55. Bxb2 Rxb2 56. Kxh6 Rg2 57. Kg6 Ke7 58. Kf5 Rg3 59. Ra7+ Kd6 60. h4 f3 61. Ra2 gxh4 62. Rd2+ Kc5 63. Rf2 h3 64. Kf4 Rg2 65. Kxf3 Rxf2+ 66. Kxf2 h2 67. Kg2 Kd4 68. Kxh2 1/2-1/2

[Event "Warsaw YMCA Summer-B 80th"]
[Site "Warsaw"]
[Date "2010.07.28"]
[Round "4"]
[White "Major, Boguslaw"]
[Black "Trzpil, Slawomir"]
[Result "1-0"]
[WhiteElo "1836"]
[BlackElo "1702"]
[PlyCount "135"]
[EventDate "2010.07.09"]
[EventType "tourn"]
[EventRounds "11"]
[EventCountry "POL"]
[SourceTitle "EXT 2011"]
[Source "ChessBase"]
[SourceDate "2010.11.26"]
[SourceVersion "1"]
[SourceVersionDate "2010.11.26"]
[SourceQuality "1"]

1. d4 Nf6 2. Nc3 d5 3. Bg5 Nbd7 4. Nf3 h6 5. Bf4 c6 6. Qd3 Qa5 7. Nd2 Nh5 8. Bg3 Nxg3 9. hxg3 Nf6 10. Nb3 Qc7 11. 0-0-0 e5 12. dxe5 Qxe5 13. e4 Bb4 14. f4 Qc7 15. exd5 Bxc3 16. Qxc3 0-0 17. Be2 Ne4 18. Qf3 cxd5 19. Rxd5 Nf6 20. Rc5 Qb6 21. Rb5 Bg4 22. Rxb6 Bxf3 23. Rxf6 Bxe2 24. Rd6 Rfd8 25. Rd2 Bg4 26. Re1 Rxd2 27. Nxd2 Kf8 28. Nc4 f6 29. Nd6 b6 30. Nb5 Bd7 31. Nd4 Kf7 32. Kd2 Rd8 33. c3 Bc6 34. Re2 Bb5 35. Rf2 Ba6 36. g4 Bc8 37. f5 a5 38. Kc2 Bb7 39. Re2 Bd5 40. g3 Re8 41. Rxe8 Kxe8 42. b3 Bg2 43. b4 axb4 44. cxb4 Ke7 45. Kc3 Kd6 46. a4 Bf1 47. a5 bxa5 48. bxa5 Kc5 49. Ne6+ Kb5 50. Nxg7 Bh3 51. Kd4 Bxg4 52. Kd5 Kxa5 53. Ke6 Kb6 54. Kxf6 Kc7 55. Ke7 Bd1 56. f6 Bb3 57. Ne6+ Kb6 58. f7 Bd1 59. f8Q Bg4 60. Qb8+ Kc6 61. Qd6+ Kb5 62. Qc5+ Ka6 63. Nc7+ Kb7 64. Kd6 Bf3 65. Qb5+ Kc8 66. Qf5+ Kb8 67. Qxf3 h5 68. Qa8# 1-0

[Event "Warsaw YMCA Summer-B 80th"]
[Site "Warsaw"]
[Date "2010.07.16"]
[Round "3"]
[White "Prus, Marek"]
[Black "Trzpil, Slawomir"]
[Result "0-1"]
[WhiteElo "1852"]
[BlackElo "1702"]
[PlyCount "92"]
[EventDate "2010.07.09"]
[EventType "tourn"]
[EventRounds "11"]
[EventCountry "POL"]
[SourceTitle "EXT 2011"]
[Source "ChessBase"]
[SourceDate "2010.11.26"]
[SourceVersion "1"]
[SourceVersionDate "2010.11.26"]
[SourceQuality "1"]

1. d4 Nf6 2. c4 g6 3. Nc3 d5 4. cxd5 Nxd5 5. e4 Nxc3 6. bxc3 Bg7 7. Be3 c5 8. Rc1 cxd4 9. cxd4 0-0 10. Bc4 e6 11. Nf3 b6 12. d5 Ba6 13. Qb3 Bxc4 14. Qxc4 exd5 15. exd5 Nd7 16. 0-0 Ne5 17. Nxe5 Bxe5 18. Rfd1 Qd7 19. Qc6 Rfd8 20. Bg5 Qxc6 21. dxc6 Rxd1+ 22. Rxd1 f6 23. f4 fxg5 24. fxe5 Rc8 25. Rd6 Kf7 26. Kf2 Ke7 27. Ke3 Rf8 28. Rf6 Rd8 29. c7 Rc8 30. Rc6 Kd7 31. Rc2 Rxc7 32. Rxc7+ Kxc7 33. Kd4 g4 34. Kd5 Kd7 35. a4 a6 36. e6+ Ke7 37. Kc6 b5 38. axb5 axb5 39. Kxb5 Kxe6 40. Kc4 Ke5 41. Kd3 Kf4 42. Kd4 h5 43. Kd3 h4 44. Ke2 Ke4 45. Kd2 h3 46. Ke2 g3 0-1

[Event "Powiatu Pulawskiego-ch op"]
[Site "Pulawy"]
[Date "2009.11.09"]
[Round "4.5"]
[White "Gora, Antonina"]
[Black "Trzpil, Slawomir"]
[Result "0-1"]
[WhiteElo "1552"]
[BlackElo "1674"]
[PlyCount "50"]
[EventDate "2009.11.06"]
[EventType "swiss"]
[EventRounds "5"]
[EventCountry "POL"]
[SourceTitle "EXT 2023"]
[Source "ChessBase"]
[SourceDate "2022.10.05"]
[SourceVersion "1"]
[SourceVersionDate "2022.10.05"]
[SourceQuality "1"]

1. e4 e5 2. Nf3 Nf6 3. Nc3 Nc6 4. d4 exd4 5. Nxd4 Bb4 6. f3 0-0 7. Bc4 d5 8. Nxc6 bxc6 9. exd5 cxd5 10. Be2 d4 11. a3 Bxc3+ 12. bxc3 dxc3 13. 0-0 Qe7 14. Bf4 Bf5 15. Re1 Qc5+ 16. Kh1 Rfd8 17. Qc1 Nd5 18. Bg3 Ne3 19. Bf2 Rd2 20. Bg1 Bxc2 21. Ba6 Qg5 22. g3 Nf5 23. g4 Ng3+ 24. hxg3 Qh6+ 25. Bh2 Qxh2# 0-1

[Event "Warsaw-ch opB 62nd"]
[Site "Warsaw"]
[Date "2009.09.07"]
[Round "9"]
[White "Bajkowski, Marcin"]
[Black "Trzpil, Slawomir"]
[Result "1-0"]
[WhiteElo "1877"]
[BlackElo "1674"]
[PlyCount "55"]
[EventDate "2009.08.31"]
[EventType "swiss"]
[EventRounds "9"]
[EventCountry "POL"]
[SourceTitle "EXT 2011"]
[Source "ChessBase"]
[SourceDate "2010.11.26"]
[SourceVersion "1"]
[SourceVersionDate "2010.11.26"]
[SourceQuality "1"]

1. d4 Nf6 2. Bg5 g6 3. Bxf6 exf6 4. e4 d5 5. Bd3 Bg7 6. Ne2 Nc6 7. c3 0-0 8. 0-0 Be6 9. Nd2 Qd7 10. Qc2 dxe4 11. Nxe4 f5 12. Nc5 Qc8 13. Nf4 Re8 14. d5 b6 15. dxe6 bxc5 16. exf7+ Kxf7 17. Bc4+ Kf6 18. Nd5+ Kg5 19. Qd2+ Kh5 20. Be2+ Rxe2 21. Qxe2+ Kh6 22. Qe3+ g5 23. h4 Qd8 24. Qe6+ Kh5 25. Qxf5 Be5 26. Qxh7+ Kg4 27. Ne3+ Kf4 28. Qf5# 1-0

[Event "Dabrowica Jastkow Memorial op"]
[Site "Dabrowica"]
[Date "2009.01.03"]
[Round "2.2"]
[White "Ciechonski, Piotr"]
[Black "Trzpil, Slawomir"]
[Result "1-0"]
[WhiteElo "2122"]
[BlackElo "1688"]
[PlyCount "109"]
[EventDate "2009.01.02"]
[EventType "swiss"]
[EventRounds "5"]
[EventCountry "POL"]
[SourceTitle "EXT 2023"]
[Source "ChessBase"]
[SourceDate "2022.10.05"]
[SourceVersion "1"]
[SourceVersionDate "2022.10.05"]
[SourceQuality "1"]

1. e4 c5 2. Nf3 d6 3. d4 cxd4 4. Nxd4 Nf6 5. Nc3 a6 6. Be3 e6 7. g4 b5 8. g5 b4 9. gxf6 bxc3 10. fxg7 Bxg7 11. bxc3 Qc7 12. Qd2 Bb7 13. f3 Nd7 14. Rg1 Bf6 15. Rb1 Ne5 16. f4 Nf3+ 17. Nxf3 Bxc3 18. Bd3 Bxd2+ 19. Nxd2 Ke7 20. e5 Bd5 21. exd6+ Qxd6 22. Rg5 Rhg8 23. Ne4 Bxe4 24. Bc5 Bxd3 25. Rb7+ Kf6 26. Bxd6 Rxg5 27. fxg5+ Kxg5 28. cxd3 Kg6 29. Kd2 h5 30. a4 f5 31. Bb8 Kg5 32. Ke3 e5 33. Bxe5 Re8 34. d4 Re6 35. Rg7+ Kh6 36. Rg8 Kh7 37. Rg5 Rb6 38. Rxf5 Rb4 39. Rf7+ Kg6 40. Rf6+ Kg5 41. Rxa6 Kg4 42. a5 Ra4 43. Ke4 h4 44. Ra8 Ra2 45. a6 Re2+ 46. Kd5 Ra2 47. a7 Ra6 48. Bd6 Kh3 49. Be7 Ra4 50. Rh8 Rxa7 51. Rxh4+ Kg2 52. Bd6 Kf3 53. Ke6 Ra4 54. Rf4+ Ke3 55. d5 1-0